000 00677nam a22002297a 4500
003 UA-OsUOA
001 63898
007 ta
008 20091026b un ||||| |||| 00| 0 ukr d
100 _aКапсамун І.
700 _aРешетилова О.
090 _a908
_bК20
942 _cSA
040 _aUA-OsUOA
_bukr
_cUA-OsUOA
_dUA-OsUOA
245 _a"Ми хочемо бути іншими". Острозький клуб в Чернівцях визначив стратегічну лінію розвитку
300 _aС. 18-19
955 _a0
041 _aukr
080 _a908
773 0 _w63896
650 7 _a908 Краєзнавство
_2UDC
999 _c349996
_d349996